Outline of periodontics / (Record no. 112759)

MARC details
000 -LEADER
fixed length control field 00691nam a2200253 a 4500
008 - FIXED-LENGTH DATA ELEMENTS--GENERAL INFORMATION
fixed length control field
020 ## - INTERNATIONAL STANDARD BOOK NUMBER
International Standard Book Number 0723610703 (pbk.)
049 ## - LOCAL HOLDINGS (OCLC)
Holding library MAIN
050 10 - LIBRARY OF CONGRESS CALL NUMBER
Classification number RK361
Item number MAN
003 - CONTROL NUMBER IDENTIFIER
control field
005 - DATE AND TIME OF LATEST TRANSACTION
control field 20230120203847.0
040 ## - CATALOGING SOURCE
Transcribing agency NUST
100 1# - MAIN ENTRY--PERSONAL NAME
Personal name Manson, J. D.
Fuller form of name (Julius David)
245 10 - TITLE STATEMENT
Title Outline of periodontics /
Statement of responsibility, etc. J. D. Manson and B.M. Eley.
250 ## - EDITION STATEMENT
Edition statement 4th ed.
260 ## - PUBLICATION, DISTRIBUTION, ETC.
Place of publication, distribution, etc. Oxford :
Name of publisher, distributor, etc. Wright,
Date of publication, distribution, etc. 20000.
300 ## - PHYSICAL DESCRIPTION
Extent 405 p. :
Other physical details ill. ;
Dimensions 28 cm.
440 1# - SERIES STATEMENT/ADDED ENTRY--TITLE
Title Dentistry.
500 ## - GENERAL NOTE
General note Includes index.
504 ## - BIBLIOGRAPHY, ETC. NOTE
Bibliography, etc. note Includes bibliographical references.
700 10 - ADDED ENTRY--PERSONAL NAME
Personal name Eley, B. M.
907 ## - LOCAL DATA ELEMENT G, LDG (RLIN)
a .b10155351
b 17-03-09
c 28-02-05
942 ## - ADDED ENTRY ELEMENTS (KOHA)
Koha item type Ordinary Loan Books
Holdings
Date last seen Total Checkouts Full call number Barcode Cost, replacement price Price effective from Koha item type Lost status Source of classification or shelving scheme Damaged status Not for loan Collection Withdrawn status Home library Current library Shelving location Date acquired Cost, normal purchase price
01/20/2023   RK361 MAN 92003035352 80.00 01/20/2023 BOOKS   LCC     NFIC   Medical Medical GEN 01/20/2023 80.00